000
00230 a2200097 4500
001
27700
100
_a
Mahmood, S
245
_a
Constitutional foundations of Pakistan
260
_a
_b
Publisher United Ltd
_c
090
_c
18473
_d
18473
942
_a
NUST-CAE
_c
M
_c
9417
999
_c
262773
_d
262773